Statistics for Top 15 Countries with Covid-19 Deaths - 23 June 2021

Click here to take the quiz!

General Stats

  • This quiz has been taken 13 times
  • The average score is 15 of 24

Answer Stats

country% Correct
Mexico
100%
United States
100%
Brazil
92%
Italy
92%
United Kingdom
92%
France
83%
India
83%
Russia
83%
Germany
75%
Spain
75%
Argentina
67%
Colombia
67%
Poland
67%
Iran
58%
Peru
58%
Belgium
50%
Hungary
42%
Croatia
33%
Czechia
33%
Slovakia
33%
Slovenia
33%
Bosnia and
Herzegovina
25%
Bulgaria
25%
North Macedonia
8%

Score Distribution

Percentile by Number Answered

Percent of People with Each Score

Your Score History

You have not taken this quiz